000 00391nam a22001457a 4500
082 _a922.975492
_bMOH
_cL-19, P-84
100 _aAlhajj Sardar Mohammad Abdul Hamid
_946140
245 _aHow My Lord Helps Me
250 _a1982
260 _bRashid & Sons, Printers Publishers
300 _a102 P, :
526 _a0
_b0
_c0
_d922_975492000000000_MOH
650 _aMCE
_9379
942 _2ddc
_cBK
999 _c549483
_d549483